|
|
|
|
| LEADER |
01028nam a2200241 a 4500 |
| 001 |
1581317 |
| 008 |
091101s1994 nyu b 001 0 eng d |
| 010 |
|
|
|a \\\93048284
|
| 020 |
|
|
|a 0312121113
|
| 040 |
|
|
|a DLC
|c DLC
|d DLC
|
| 082 |
0 |
0 |
|a 338.9/009172/4
|2 20
|
| 100 |
1 |
|
|a Dwivedi, O. P.
|
| 245 |
1 |
0 |
|a Development administration :
|b from underdevelopment to sustainable development /
|c O.P. Dwivedi.
|
| 260 |
|
|
|a New York, N.Y. :
|b St. Martin's Press,
|c 1994.
|
| 300 |
|
|
|a xvi, 161 p. ;
|c 23 cm.
|
| 490 |
0 |
|
|a International political economy series
|
| 504 |
|
|
|a Includes bibliographical references (p. 151-156) and index.
|
| 541 |
1 |
|
|e 00009880
|
| 651 |
|
0 |
|a Developing countries
|x Economic policy.
|
| 650 |
|
0 |
|a Sustainable development
|z Developing countries.
|
| 852 |
4 |
|
|a Ayesha Abed Library
|j General shelf
|
| 999 |
|
|
|c 4976
|d 4976
|
| 952 |
|
|
|0 0
|1 0
|2 ddc
|4 0
|6 338_900917240000000_DWI_1994
|7 0
|9 4799
|a BRACUL
|b BRACUL
|c GEN
|d 2009-11-01
|g 0.00
|l 0
|o 338.90091724 DWI
|p 3010009880
|r 2009-11-01
|t 1
|w 2009-11-01
|y BK
|x No price found in the accession register.
|